000 00352nam a2200133Ia 4500
005 20260326235459.0
008 260326s9999||||xx |||||||||||||| ||und||
100 _aHeyer, Paul
245 0 _aArchitects on Architectrure :
_b New directions in America /
_cPaul Heyer
260 _bWalker and Co.
300 _a416 p.
650 _aARQUITECTOS
942 _cBK
999 _c8036
_d8036